| 000 | 00572nam a2200205 a 4500 | ||
|---|---|---|---|
| 999 |
_c16379 _d16379 |
||
| 020 | _a0495411302 (hardcover) | ||
| 020 | _a9780495411307 (hardcover) | ||
| 100 | 1 | _aDas, Braja M. | |
| 245 | 1 | 0 | _aPrinciples of Geotechnical Engineering / |
| 250 | _a8th ed. | ||
| 260 |
_a[S.l.] : _bCengage Learning, _c2015. |
||
| 300 | _a688 p. ; | ||
| 650 | _aSoil mechanics | ||
| 650 | _aGeotechnical engineering | ||
| 650 | _aEngineering geology | ||
| 650 | _aRock mechanics | ||
| 700 | _aSobhan, Khaled | ||
| 856 | 4 | 0 | _uhttp://10.10.170.122:8080/browse/book/12633 |
| 942 | _cBK | ||